000 03577nam a22002897a 4500
003 DO-CoUTE
005 20231115085124.0
008 221103b dr ||||| |||| 00| 0 spa d
040 _aDO-CoUTE
_bspa
_cDO-CoUTE
041 _aspa
092 _aDER 2022 A26
100 1 _a Acosta Francisco, Elizabeth
_esustentante
245 _aAplicación de las Excepciones de Procedimiento en Materia Civil en el Distrito Judicial de Sánchez Ramírez, Período 2020-2021 /
_bElizabeth Acosta Francisco, Katherine Carolina Vargas De Jesús, Pablo Alfonso Morales Del orbe ; asesor Amable Arcadio Quezada Frías
260 _aCotuí, República Dominicana :
_bUTECO,
_c2022
300 _aix, 57 hojas :
_c28cm.
_e+ 1 CD-ROM
502 _aTrabajo de grado (Licenciatura en Derecho) --Universidad Tecnológica del Cibao Oriental, 2022
504 _aIncluye referencia bibliográfica e índice
505 _aÍndice -- declaración de autoría -- agradecimientos -- dedicatorias--resumen -- Capítulo I: Introducción -- Capítulo II: Revisión de literatura -- Capítulo III: Metodología -- Capítulo IV: Presentación de los resultados -- Capítulo V: Discusión y análisis de los resultados
520 _aLa presente investigación titulada: "Aplicación de las excepciones de procedimiento en Materia Civil en el Distrito Judicial de Sánchez Ramirez" tuvo como finalidad responder a los objetivos planteados, en búsqueda de dar respuestas a las problemáticas abordadas, en donde se visualizaron ciertas irregularidades en la manera en que proceden los abogados con relación a las excepciones del procedimiento civil y su aplicación. La investigación desarrollada se inició cumpliendo el debido formalismo de la Universidad Tecnológica del Cibao Oriental (UTECO), en donde en lo adelante se emplearon las metodologías que dieron acceso a la información, dentro de los pasos a seguir se efectuó el primer capítulo de la investigación donde se encuentran: los antecedentes, el planteamiento del problema, las variables e indicadores, justificación e importancia, definición de términos y el alcance investigativo. En el capítulo dos se desglosa toda la bibliografia reciente encontrada en relación al tema objeto de estudio, para luego proceder al capítulo III en el cual se presenta la metodología, la cual estuvo basada en un estudio descriptivo no experimental, como instrumento se empleó un cuestionario cerrado y una entrevista, además se obtuvieron datos que permitieron avanzar hacia el capítulo 4, en el cual se presentan los resultados a través de tablas que hacen posible una mejor comprensión y finalmente el capítulo 5 en donde se encuentran las conclusiones y las principales recomendaciones emitidas por los investigadores. Resaltando que las conclusiones se orientaron a manifestar cierto nivel de desconocimiento en los abogados en cuanto a las excepciones del procedimiento su aplicación y consecuencia de no ser invocados en la etapa correspondiente, otro dato de relevancia es la confusión que presentan los abogados con las excepciones del procedimiento y los medios de inadmisión.
650 _2Aplicación de las Excepciones de Procedimiento
700 1 _a Vargas De Jesús, Katherine Carolina
_esustentante
700 1 _a Morales Del orbe, Pablo Alfonso
_esustentante
700 1 _aAmable Arcadio Quezada Frías,
_easesor
830 _aTesis y disertaciones académicas (Universidad Tecnológica del Cibao Oriental)
856 _yHaga Click Aquí para Descargar en Texto Completo
942 _2LC
_cTH
999 _c22011
_d22011